000 00460nam a2200133 a 4500
005 20140414093842.0
008 081126s19uu xx 00 eng d
050 _aDVD 371.1
_bAs7 2008
100 _aAssociation for Supervision and Curriculum Development
245 _aDifferentiated instruction in action, video series 2 :
_bMiddle school /
_cAssociation for Supervision and Curriculum Development.
650 _aTeaching.
942 _cAVM
999 _c109357
_d109357